ბათუმის შოთა რუსთაველის სახელმწიფო უნივერსიტეტის ბიბლიოთეკა

Cellular and molecular immunology / (ბიბ.ჩანაწერი № 35519)

000 -LEADER
fixed length control field 00866cam a22002414a 4500
001 - CONTROL NUMBER
control field 15640477
005 - DATE AND TIME OF LATEST TRANSACTION
control field 20221114161155.0
008 - FIXED-LENGTH DATA ELEMENTS--GENERAL INFORMATION
fixed length control field 090225s2010 paua b 001 0 eng
020 ## - INTERNATIONAL STANDARD BOOK NUMBER
International Standard Book Number 9781416031239x
041 ## - LANGUAGE CODE
Language code of text/sound track or separate title eng
080 ## - UNIVERSAL DECIMAL CLASSIFICATION NUMBER
Universal Decimal Classification number 616.097 A-12
100 1# - MAIN ENTRY--PERSONAL NAME
Personal name Abbas, Abul K.
9 (RLIN) 7106
245 10 - TITLE STATEMENT
Title Cellular and molecular immunology /
Statement of responsibility, etc. Abul K. Abbas, Andrew H. Lichtman, Shiv Pillai.
250 ## - EDITION STATEMENT
Edition statement 6th ed.
264 ## - PRODUCTION, PUBLICATION, DISTRIBUTION, MANUFACTURE, AND COPYRIGHT NOTICE
Place of production, publication, distribution, manufacture Philadelphia :
Name of producer, publisher, distributor, manufacturer Saunders/Elsevier,
Date of production, publication, distribution, manufacture, or copyright notice c2010.
300 ## - PHYSICAL DESCRIPTION
Extent viii, 566 p. :
Other physical details col. ill. ;
Dimensions 28 cm.
504 ## - BIBLIOGRAPHY, ETC. NOTE
Bibliography, etc. note Includes bibliographical references and index.
653 ## - INDEX TERM--UNCONTROLLED
keyword მოლეკულური იმუნოლოგია
653 ## - INDEX TERM--UNCONTROLLED
keyword უჯრედული იმუნოლოგია
700 1# - ADDED ENTRY--PERSONAL NAME
Personal name Lichtman, Andrew H.
Relator term ავტორი
9 (RLIN) 7112
700 1# - ADDED ENTRY--PERSONAL NAME
Personal name Pillai, Shiv.
Relator term ავტორი
9 (RLIN) 7265
942 ## - ADDED ENTRY ELEMENTS (KOHA)
Source of classification or shelving scheme
Koha item type წიგნი
ეგზემპლარები
Withdrawn status Lost status Source of classification or shelving scheme Damaged status Not for loan Permanent Location Current Location Shelving location Date acquired Cost, normal purchase price Full call number Barcode Date last seen Copy number Price effective from Koha item type Public note
          ბათუმის შოთა რუსთაველის სახელმწიფო უნივერსიტეტის მთავარი ბიბლიოთეკა ბათუმის შოთა რუსთაველის სახელმწიფო უნივერსიტეტის მთავარი ბიბლიოთეკა წიგნსაცავი 2018-12-17 220.00 616.097 A-12 2600 2018-12-17 2600 2018-12-17 წიგნი 220 ლ.
          ბათუმის შოთა რუსთაველის სახელმწიფო უნივერსიტეტის მთავარი ბიბლიოთეკა ბათუმის შოთა რუსთაველის სახელმწიფო უნივერსიტეტის მთავარი ბიბლიოთეკა წიგნსაცავი 2020-02-20 220.00 616.097 A-12 674 2020-02-20 674 2020-02-20 წიგნი 220 ლ.
          ბათუმის შოთა რუსთაველის სახელმწიფო უნივერსიტეტის მთავარი ბიბლიოთეკა ბათუმის შოთა რუსთაველის სახელმწიფო უნივერსიტეტის მთავარი ბიბლიოთეკა წიგნსაცავი 2020-02-20 220.00 616.097 A-12 675 2020-02-20 675 2020-02-20 წიგნი 220 ლ.